000 00398nam a2200181Ia 4500
008 090124s9999 xx 000 0 und d
082 _b7631
100 _aHITLER ADOLF
245 _aMY STRUGGLE
250 _a0
260 _bSAGAR PUBLISH
_c1972
300 _a280
600 _aHITLER ADOLF
630 _aMY STRUGGLE
700 _aHITLER ADOLF
730 _aMY STRUGGLE
942 _cBOOK
999 _c85374
_d85374